Growth, social justice and the Indian manager (Record no. 356555)

000 -LEADER
fixed length control field 00450cam a22001457a 4500
008 - FIXED-LENGTH DATA ELEMENTS--GENERAL INFORMATION
fixed length control field 180718b1972 xxu||||| |||| 00| 0 eng d
082 ## - DEWEY DECIMAL CLASSIFICATION NUMBER
Classification number I29x54 X19
245 ## - TITLE STATEMENT
Title Growth, social justice and the Indian manager
Statement of responsibility, etc. by Xavier Institute
260 ## - PUBLICATION, DISTRIBUTION, ETC.
Place of publication, distribution, etc. Jamshedpur
Name of publisher, distributor, etc. Xavier Institute
Date of publication, distribution, etc. 1972
300 ## - PHYSICAL DESCRIPTION
Extent 268p.
650 ## - SUBJECT ADDED ENTRY--TOPICAL TERM
Topical term or geographic name entry element Business - Social aspects
650 ## - SUBJECT ADDED ENTRY--TOPICAL TERM
Topical term or geographic name entry element Labour relations - India
650 ## - SUBJECT ADDED ENTRY--TOPICAL TERM
Topical term or geographic name entry element Executives - India
700 ## - ADDED ENTRY--PERSONAL NAME
Personal name India. Xavier Institute
Holdings
Withdrawn status Lost status Damaged status Not for loan Permanent Location Current Location Date acquired Full call number Barcode Date last seen Price effective from Koha item type
        Indian Institute of Public Administration Indian Institute of Public Administration 1994-01-06 I29x54 X19 48619 2018-07-21 2018-07-21 Book

Powered by Koha